000 00205 a2200097 4500
001 11091
100 _aJavid Iqbal
245 _aIdeology of Pakistan
260 _a
_bFerozsons Ltd
_c
090 _c8648
_d8648
942 _aNUST-CAE
_cM
_c35431
999 _c246164
_d246164